Anglais verbes 2 - Statistiques

Statistiques générales
  • Ce quiz a été pris 15 fois
    11 depuis la dernière actualisation
  • Le résultat moyen est 5 sur 27
Statistiques - réponses
Hint Réponse % Correct
Afro-American
63%
un boycottage a boycott
63%
afro-américan African-American
38%
une minorité ethnique an ethnic minority
25%
la discrimination raciale racial discrimination
25%
être victime de discrimination to be discriminated against
25%
la discrimination positive Affirmative Action
13%
a hate crime
13%
une société multiraciale a multiracial society
13%
une agression à caractère raciste a racist attack
13%
une société à deux vitesses a two-tier society
13%
biased policing
13%
sans distinction raciale colour-blind
13%
des insultes à caractère racial racial abuse
13%
les préjugés raciaux racial bias
13%
racial prejudice
13%
délit de faciès racial profiling
13%
racist abuse
13%
quelle que soit la race regardless of race
13%
des citoyens de seconde zone second-class citizens
13%
the colour bar
13%
the colour line
13%
être métis to be mixed-race
13%
se sentir exclu to feel alienated
13%
alimenter, nourrir les tensions to fuel tensions
13%
réparer une injustice to right a wrong
13%
subir une injustice to suffer a wrong
13%
Aucun quiz correspondant
Distribution des résultats
% des personnes avec chaque résultat
Percentile par nombre de réponses
Votre historique - résultats
Vous n’avez pas pris ce quiz depuis la dernière actualisation